mysqli: Table './ulib62015/stat_globaluid' is marked as crashed and should be repaired
select id from stat_globaluid where statuid='20260517143836_3878'
mysqli: Table './ulib62015/stat_globaluid' is marked as crashed and should be repaired
DELETE FROM stat_globaluid
WHERE id NOT IN (
SELECT id
FROM (
SELECT id
FROM stat_globaluid
ORDER BY id DESC
LIMIT 100
) foo
);
mysqli: Table './ulib62015/stat_globaluid' is marked as crashed and should be repaired
insert into stat_globaluid set
statuid='20260517143836_3878',
dt='1779003516',
phpself='/ULIB62015/dublinfull.php',
agent='Mozilla/5.0 AppleWebKit/537.36 (KHTML, like Gecko; compatible; ClaudeBot/1.0; +claudebot@anthropic.com)',
yea='2026',
mon='5',
dat='17',
ip='216.73.216.45'
mysqli: Table './ulib62015/stathist_viewbib_bib_type' is marked as crashed and should be repaired
insert into stathist_viewbib_bib_type set
dat='17' ,
mon='05' ,
yea='2026' ,
statuid='20260517143836_3878' ,
head='13399122742' ,
foot='marc' ,
dt='1779003516'
| LEADER : 00000nam 2200000uu 4500 |
| 001 13399122742 |
| 003 ULIB |
| 008 200622s2547||||th 000 0 tha d |
| 020 ^a9749217896
|
| 050 04 ^aBF441^bส881ค 2547
|
| 100 0 ^aสุวิทย์ มูลคำ
|
| 240 00 ^aกลยุทธ์การสอนคิดอย่างมีวิจารณญาณ
|
| 245 10 ^aกลยุทธ์...การสอนคิดอย่างมีวิจารณญาณ^nเล่ม 6 /^cสุวิทย์ มูลคำ
|
| 250 ^aพิมพ์ครั้งที่ 1
|
| 260 ^aกรุงเทพฯ:^bภาพพิมพ์,^c2547.
|
| 300 ^a152 หน้า :^bภาพประกอบ ;^c26 ซม.
|
| 650 4 ^aความคิดและการคิด^xการศึกษาและการสอน.
|
| 830 0 ^aครบเครื่องเรื่องการคิด ;^v6
|
| 945 ^p150^l0^i005746 |
| 999 ^a57066
|
| คุณยังไม่ได้ล็อกอิน คุณสามารถมีกิจกรรมร่วมกับเว็บไซต์ได้ แต่ต้องล็อกอินก่อน :: |
|
|
|
| ลำดับที่ |
ประเภท |
เลขเรียก/บาร์โค้ด |
สถานที่ |
สถานะ |
| 1. |
 หนังสือ | BF441 ส881ค 2547 ล.6 Barcode: 005746 | หนังสือทั่วไป | บนชั้น ขอยืม |
รายการใกล้เคียง
ผู้แต่ง [สุวิทย์ มูลคำ]
|
|
ยังไม่เคยถูกคอมเมนท์
|
| คอมเมนท์ทรัพยากรรายการนี้ |
|